| 000 | 004610000a22001690004500 | ||
|---|---|---|---|
| 041 | 0 | _aSPA | |
| 082 | 0 | 4 | _aG 273 G2821e |
| 100 | 1 | _aGay, Teófilo | |
| 245 | 1 | 0 | _aDiccionario de controversia / Teófilo Gay; Blas A. Maradei, Traductor |
| 260 | _aBuenos Aires, Argentina : Junta Bautista | ||
| 300 | _a539 Pag | ||
| 001 | 9542 | ||
| 942 | _cBK | ||
| 999 |
_c39508 _d39508 |
||
| 336 |
_atexto _btxt _2rdacontent |
||
| 337 |
_2rdamedia _asin mediación _bn |
||
| 338 |
_2rdacarrier _avolumen _bnc |
||